00591nam a22001577a 4500003000400000008004100004020001800045082001900063245013100082260003500213300001700248650010500265700002000370700002500390700001800415OSt260627b |||||||| |||| 00| 0 eng d a9781394274246 a630.2085bK96E aEmerging Smart Agricultural Practices Using Artificial Intelligence/ edited by Ashish Kumar , Jai Prakash Verma , Rachna Jain aNew Jersey : bWiley, c[n.d.] axxiv, 355 p. aTechnology (Applied Sciences) | | Agriculture and Related Technologies | | Agriculture | Informatics aKumar, Ashish  aVerma, Jai Prakash  aJain, Rachna